| 000 | 00428nam a22001337a 4500 | ||
|---|---|---|---|
| 020 | _a0-471-03018-X | ||
| 082 | _a621.38412 KRA'S | ||
| 100 |
_aBOSTIAN, CHARLES W,KRAUSS, HERBERT L,RAAB, FREDERICK H _974976 |
||
| 245 | _aSOLID STATE RADIO ENGINEERING | ||
| 260 |
_aNEWYORK _bJOHN WILEY _c1980 |
||
| 300 | _a534P | ||
| 650 |
_aRADIO CIRCUITS RADIO RECEIVERS AND RECEPTION RADIO TRANSMITTERS AND TRANSMISION _974977 |
||
| 942 | _cBK | ||
| 999 |
_c580478 _d580478 |
||